Héliatronc - Statistiques

Statistiques générales
  • Ce quiz a été pris 4 fois
  • Le résultat moyen est 9 sur 24
Statistiques - réponses
Hint Réponse % Correct
Génération de sortie 2g
100%
Type Plante
100%
Surnom facétieux donné par un streamer au crane luisant BITENTRONC
67%
Tier en 4g NU
67%
Mode d'évolution Pierre soleil
67%
Tier en 2g PU
67%
Tier en 5g PU
67%
Attaque spéciale 105
33%
Vitesse 30
33%
Défense 55
33%
Pv 75
33%
Attaque 75
33%
Défense spéciale 85
33%
Talents Chlorophylle
33%
Tier en 3g ZU
33%
Tier en 6g ZU
33%
Tier en 7g ZU
33%
Tier en 9g ZU
33%
Force soleil
0%
Talent caché Matinal
0%
Catégorie Soleil
0%
Nom anglais Sunflora
0%
Dernière capacité apprise par niveau Tempete florale
0%
Capacité à la plus haute puissance apprise par niveau Tempete verte
0%
Aucun quiz correspondant
Distribution des résultats
% des personnes avec chaque résultat
Percentile par nombre de réponses
Votre historique - résultats
Vous n’avez pas pris ce quiz